Vyše 16-tisíc občanov nemá akcie investičných fondov
Zoznam 164 slovenských investičných fondov z prvej vlny kupónovej privatizácie, ktoré emitovali svoje účastiny a 16, ktoré ich neemitovali (stav k 15.7.1994).
Gespeichert in:
| 1. Verfasser: | |
|---|---|
| Format: | Buchkapitel |
| Sprache: | Slowakisch |
| Schlagworte: | |
| Tags: |
Keine Tags, Fügen Sie das erste Tag hinzu!
|
MARC
| LEADER | 00000naa a2200000 4500 | ||
|---|---|---|---|
| 001 | r015875 | ||
| 005 | 20221213114748.3 | ||
| 041 | 0 | |a slo | |
| 044 | |a SK | ||
| 245 | 1 | 0 | |a Vyše 16-tisíc občanov nemá akcie investičných fondov |c J. Hajko |
| 520 | |a Zoznam 164 slovenských investičných fondov z prvej vlny kupónovej privatizácie, ktoré emitovali svoje účastiny a 16, ktoré ich neemitovali (stav k 15.7.1994). | ||
| 610 | 2 | 0 | |a fondy investičné |
| 610 | 2 | 0 | |a Slovensko |
| 610 | 2 | 0 | |a papiere cenné |
| 610 | 2 | 0 | |a emisia |
| 610 | 2 | 0 | |a akcie |
| 610 | 2 | 0 | |a 1994 |
| 610 | 2 | 0 | |a júl |
| 610 | 2 | 0 | |a trh kapitálový |
| 100 | 1 | |a Hajko, J. | |